000 01011nas a2200325 4500
001 BR0701606
003 BR-BrBNA
005 20231205110650.0
007 ta
008 230509b bl.|||p| |||| 00| 00por d
040 _aBR-BrBNA
_bpor
_cBiblioteca Nacional de Agricultura
041 _a(Pt)
072 _aL02
100 1 _aBizinoto, A.L.
100 1 _aBenedetti, E.
100 1 _aBorges, L.F. do C.
100 1 _aFávero, B. de F.
100 1 _aAguiar, A. de P.A.
100 1 _aDrumond, L.C.D.
100 1 _aLopes, B.C.
245 1 _aEfeito da oferta de sombra e de suplemento mineral com cromo orgânico sobre os níveis de cortisol sanguíneo de bovinos mantidos em pastagens no cerrado
650 _aBOVINO
650 _aSUPLEMENTO MINERAL
650 _aPASTAGEM
650 _aCONDIÇÃO AMBIENTAL
650 _aCERRADO
773 0 _tFAZU em Revista (Brazil)
_xISSN 1806-1699
_g(2006), (no. 3) p. 70-76
_wBR0701606
909 _a202311
_bLúcia
_c55
_dLúcia Elande
942 _2AGRIS
_n0
_cANA
999 _c188441
_d188441